| 000 | 00478nam a2200133Ia 4500 | ||
|---|---|---|---|
| 008 | 231221s9999 xx 000 0 und d | ||
| 020 | _a978-1-4419-5757-3 | ||
| 041 | _aEnglish | ||
| 100 | _aJavad Mohammadpour, Karolos M. Grigoriadis | ||
| 245 | 0 | _aEfficient Modeling and Control of Large-Scale Systems | |
| 260 |
_c2010 _bSpringer New York _aNew York |
||
| 650 | _aControl, Robotics, Mechatronics; Vibration, Dynamical Systems, Control; Systems Theory, Control | ||
| 942 | _cEB | ||
| 999 |
_c226428 _d226428 |
||